000 nam a22 7a 4500
999 _c49640
_d49640
003 OSt
005 20200204110225.0
008 200204b xxu||||| |||| 00| 0 eng d
040 _cIIMT COLLEGE OF ENGINEERING,GREATER NOIDA
100 _aDESSLER,GARY & VARKKEY,B.
245 _aFUNDAMENTALS OF HUMAN RESOURCE MANAGEMENT
260 _aNEW DELHI
_bPEARSON
_c2011
300 _a450
942 _2ddc
_c06